Normal view MARC view
  • Charity-schools

Entry Topical Term

Number of records used in: 2

001 - CONTROL NUMBER

  • control field: 11808

003 - CONTROL NUMBER IDENTIFIER

  • control field: NUST

005 - DATE AND TIME OF LATEST TRANSACTION

  • control field: 20180718071306.0

008 - FIXED-LENGTH DATA ELEMENTS

  • fixed length control field: 180718|| aca||aabn | a|a d

040 ## - CATALOGING SOURCE

  • Original cataloging agency: NUST
  • Transcribing agency: NUST

150 ## - HEADING--TOPICAL TERM

  • Topical term or geographic name entry element: Charity-schools
  • Form subdivision: Fiction.

670 ## - SOURCE DATA FOUND

  • Source citation: Work cat.: (NUST)173271: Brontë, Charlotte, 1816-1855. 11804, Jane Eyre :, 2000.
© 2023 Central Library, National University of Sciences and Technology. All Rights Reserved.